El imperio incaico : (Record no. 23666)

000 -CABECERA
fixed length control field 01064nam a22002417i 4500
003 - IDENTIFICADOR DEL NÚMERO DE CONTROL
control field AR-CdUCM
008 - DATOS DE LONGITUD FIJA--INFORMACIÓN GENERAL
fixed length control field 260430b20232023 pe||||| |||| 00| 0 spa d
020 ## - NÚMERO INTERNACIONAL ESTÁNDAR DEL LIBRO
ISBN 978-612-49153-3-8
040 ## - FUENTE DE LA CATALOGACIÓN
Agencia/entidad que catalogó originalmente la obra MUNICIPALIDAD PROVINCIAL DEL CUSCO
Entidad que transcribió la catalogación BIBLIOTECA MUNICIPAL DEL CUSCO
082 ## - NÚMERO DE LA CLASIFICACIÓN DECIMAL DEWEY
No. de Clasificación 985.019
Notacion interna U86 / e.2
100 ## - ENTRADA PRINCIPAL--NOMBRE DE PERSONA
Nombre Personal Urteaga, Horacio
245 ## - MENCIÓN DE TÍTULO
Título El imperio incaico :
Resto del título En el que se incluye la historia del ayllo y familia de los incas /
260 ## - PUBLICACIÓN, DISTRIBUCIÓN, ETC.
Lugar de publicación, distribución, etc. Lima-Perú:
Nombre de la editorial, distribuidor, etc. Bicentenario Casa Editorial S.A.C.
Fecha de publicación, distribución, etc. 2023
300 ## - DESCRIPCIÓN FÍSICA
Nº de Páginas Extensión 324 páginas. :
Dimensiones 20x15 cm.
505 ## - NOTA DE CONTENIDO CON FORMATO
Nota de contenido formateada La cultura que florece en el Perú en el siglo XIII de la era cristiana es quechua y no aimara o colla -- El primer imperio o dominación quechua -- Los ayllos originarios y los ayllos originarios del Cusco -- El problema histórico de Manco Cápac -- Inca Yahuar Huaca
650 ## - PUNTO DE ACCESO ADICIONAL DE MATERIA--TÉRMINO DE MATERIA
Descriptor El ayllo peruano
9 (RLIN) 52837
650 ## - PUNTO DE ACCESO ADICIONAL DE MATERIA--TÉRMINO DE MATERIA
Descriptor Dinastia Hurin
9 (RLIN) 52838
650 ## - PUNTO DE ACCESO ADICIONAL DE MATERIA--TÉRMINO DE MATERIA
Descriptor Inca Wiracocha
9 (RLIN) 52839
650 ## - PUNTO DE ACCESO ADICIONAL DE MATERIA--TÉRMINO DE MATERIA
Descriptor Inca Huayna Capac
9 (RLIN) 52840
942 ## - ELEMENTOS DE PUNTO DE ACCESO ADICIONAL (KOHA)
Fuente de clasificación
Tipo de item Libros-BMC
945 ## - PROCESAMIENTO DE INFORMACIÓN LOCAL (OCLC)
Catalogador pbjr
AAAA-MM-DD - Fecha de ingreso o modificacion 30-04-2026
Holdings
Estado de retiro (separado) Fuente de clasificación o esquema de estanterías Estado dañado Ubicación Sala donde se ubica Nombre de la colección Fecha de adquisición o compra Fuente de adquisición Costo, precio normal en soles Signatura topográfica Código de Barras Última vez visto (Koha) Tipo de ítem (Koha)
No     Sala Humanidades Sala Humanidades Book Cart 2026-04-30 Donación 40.00 985.019 / U86 / e.2 SH0000017132 2026-04-30 Libros-BMC

Powered by Koha